| 000 | 00436nam a2200109Ia 4500 | ||
|---|---|---|---|
| 008 | 160909s9999 xx 000 0 und d | ||
| 100 | _aAly, Geillan Dahab. | ||
| 245 | _aStudents' agency in an in-class computer-centered developmental mathematics classroom: The best laid plans of math and (wo)men | ||
| 260 |
_bThe University of Arizona _c2016 |
||
| 650 | _aEDUC/SPED | ||
| 856 | _uhttp://pqdtopen.proquest.com/doc/1796864326.html?FMT=ABS | ||
| 999 |
_c305058 _d305058 |
||